Automatická montáž potenciometrových trimrů

Bibliographic Details
Main Authors: Brázda, Josef (Author), Černý, František (Author)
Format: Article
Language:Czech
PhysicalDescription:Obr. 3. Sch. 7., lit. 3 zázn. v slov., češ., ruš.
Subjects:

MARC

LEADER 00000nab a2200000 a 4500
001 vtls000386799
003 SK-MaSNL
005 20260303210656.0
008 230223c1989 xo 0 cze
015 |a SNBRB19rr/mm-uuuuu 
035 |a CL0386922 
035 |a urn:nbn:sk:snk-abaa3z 
035 |a (urnnbn)urn:nbn:sk:snk:ar-a09mgf 
035 |a (uuid)af5e0b1b-5a01-4d48-ab09-8fd5634ba974 
040 |a SNKBUCL  |b slo  |c SNKBUCL  |e AACR2 
041 0 |a cze 
044 |a xo  |c SK 
080 |a 621.757-52:007.52  |2 1981 
080 |a 007.52  |2 1981 
080 |a 62-52  |2 1981 
100 1 |a Brázda, Josef  |4 aut  |9 1242714 
245 1 0 |a Automatická montáž potenciometrových trimrů  |c Josef Brázda, František Černý 
300 |b Obr. 3. Sch. 7., lit. 3 zázn. v slov., češ., ruš. 
650 0 7 |a systémy montážne automatizované  |2 snkbucl  |9 968575 
650 0 7 |a automatická montáž  |2 snkbucl  |9 1242713 
650 0 7 |a trimre potenciometrové  |2 snkbucl  |9 1242715 
655 7 |a články z novín a časopisov  |2 snkbucl  |9 267496 
700 1 |a Černý, František  |4 aut  |9 359541 
773 0 |t Trend VUMA  |g Roč. 20, č. 4 (1989), s. 25-25 
850 |a Slovenská národná knižnica v Martine  |a MTA001 
852 |a SNK  |b KIS3GCP 
958 |a OND 
958 |a RK 
958 |a CZ 
958 |a EUIPO 
958 |a article13 
992 |a RBX 
999 |c 2201212  |d 2203142